00452nam a22001217a 450000500170000002000180001710000200003524501880005526000320024330000100027565000250028565000200031020260113105619.0 a9783031593017 aMeissner, Udo F aTensor calculus with object oriented matrices for numerical methods in mechanics and engineering:bfundamentals and functions for tensor/matrix algorithms of the finite element method aSwitzerlandbSpringerc2025 ax+234 aNumerical Algorithms aSoftware design